000 00765nam a2200229 a 4500
001 13772
003 BD-JhCC
005 20240321130955.0
008 240321b 2002b |||| ||a| 001 0 b d
020 _a9840742671
035 _a(BD-JhCC)13772
040 _aBD-JhCC
_dBD-JhCC
041 _aben
082 _a570.55
_bBHA 2002
100 _a ভদ্র, সত্যজিৎ কুমার
245 _aউদ্ভিদ টিস্যু আবাদ প্রযুক্তি ও প্রয়োগ /
_bসত্যজিৎ কুমার ভদ্র
260 _aঢাকা:
_bবাংলা একাডেমী;
_c2002.
300 _a220 p. :
_c22 cm.
650 _aজীববিজ্ঞান
942 _2ddc
_cBK
999 _c13772
_d13772